000 00470nam a2200181Ia 4500
005 20250508151719.0
008 008 250505s9999 xx 000 0 eng d
037 _aTextual
040 _aFEDL
_beng
_cFEDL
041 _aeng
_2eng
084 _a960, GUN
_qFEDL
100 _aGunther John
_949687
245 0 _aInside Africa
260 _aLondon, UK
_bHamish Hamilton
_c1955
300 _axi,958p
942 _cTEXL
_h960, GUN
999 _c1331633
_d1331633